| 000 | 00778nam a2200217 a 4500 | ||
|---|---|---|---|
| 001 | 000031399 | ||
| 003 | DO-SdBNP | ||
| 005 | 20240322185316.0 | ||
| 008 | 110620s1951 dr a 000 | spa d | ||
| 040 |
_aDO-SdBNP _bspa _cBNPHU |
||
| 082 | 4 |
_a338.17361 _bO74a _222 |
|
| 100 | 1 |
_aOrnes Coiscou, Germán E., _d1919-1998 _957814 |
|
| 245 | 1 | 0 |
_aAzúcar : _bel gran problema nacional y sus implicaciones; (una justa aspiración) / _cGermán E. Ornes C. |
| 260 |
_aCiudad Trujillo, República Dominicana : _bEditora Del Caribe, _c1951. |
||
| 300 |
_a94 p. : _bil. ; _c23 cm. |
||
| 590 | _aInventariado, 2019/VM | ||
| 650 | 4 |
_aIndustria azucarera _zRepública Dominicana _98386 |
|
| 650 | 4 |
_aAzúcar _xComercio _957815 |
|
| 910 | _aValidado. Control de calidad MFF | ||
| 942 |
_2ddc _cLBS1 |
||
| 999 |
_c30891 _d30891 |
||